| 000 | 00536 a2200193 4500 | ||
|---|---|---|---|
| 001 | 000231 | ||
| 003 | OSt | ||
| 005 | 20251210122019.0 | ||
| 008 | |||
| 082 |
_a515.9 _bB17C |
||
| 100 | 1 | _aBak, Joseph | |
| 245 | 1 |
_aComplex analysis _cBy Joseph Bak And D.j. Newman |
|
| 260 |
_aNew Delhi _bSpringer _c2009 |
||
| 300 | _a294p. | ||
| 500 | _aEnglish | ||
| 690 | _aFunctions of complex variables; Analytic functions; Mathematics; Global analysis (Mathematics) | ||
| 700 | _aNewman, D.J. | ||
| 942 |
_2ddc _cBK |
||
| 999 |
_c4 _d4 |
||